| 000 | 00683nam a22002172 4500 | ||
|---|---|---|---|
| 001 | 0000009598 | ||
| 005 | 20151217155840.0 | ||
| 008 | 081112s xx 000 0 eng d | ||
| 020 | _c$ | ||
| 040 |
_aKABU _cKABU |
||
| 100 | 1 |
_aDane, Edmund. _@0000161319 |
|
| 245 | 1 | 0 |
_aBritish campaigns in Africa and the Pacific 1914-1918 / _cEdmund Dane. |
| 250 | _a1st ed. | ||
| 260 |
_aLondon : _bHodder & Stoughton, _c1919. |
||
| 300 | _a215 p. | ||
| 650 | 0 |
_aWorld War 1914-1918 _xCampaigns _zAfrica. _@0000161320 |
|
| 650 | 0 |
_aWorld War 1914-1918 _xCampaigns _zEast Asia. _@0000161321 |
|
| 852 | 1 | _9p500 KES | |
| 908 | _a081112 | ||
| 950 | _@1 | ||
| 999 |
_c13191 _d13191 |
||